UBT Library

4 songs by Carey Bell (Record no. 38927)

000 -LEADER
fixed length control field 00545cjm a22002177a 4500
001 - CONTROL NUMBER
control field 13138513
005 - DATE AND TIME OF LATEST TRANSACTION
control field 20171214050215.0
007 - PHYSICAL DESCRIPTION FIXED FIELD--GENERAL INFORMATION
fixed length control field ss|lunjlcmnnue
008 - FIXED-LENGTH DATA ELEMENTS--GENERAL INFORMATION
fixed length control field 030327s1999 xx uun eng
010 ## - LIBRARY OF CONGRESS CONTROL NUMBER
LC control number 2003573422
040 ## - CATALOGING SOURCE
Original cataloging agency DLC
Transcribing agency DLC
Modifying agency DLC
041 ## - LANGUAGE CODE
Language code of text/sound track or separate title eng
080 ## - UNIVERSAL DECIMAL CLASSIFICATION NUMBER
Universal Decimal Classification number 621.39 CAR
082 ## - DEWEY DECIMAL CLASSIFICATION NUMBER
Classification number 621.39 CAR
100 ## - Rafti
Rafti 10
101 ## - Shkurtesa
Shkurtesa NUT
245 00 - TITLE STATEMENT
Title 4 songs by Carey Bell
906 ## - LOCAL DATA ELEMENT F, LDF (RLIN)
a 7
b cbc
c orignew
d 3
e ncip
f 20
g y-genmusic
942 ## - ADDED ENTRY ELEMENTS (KOHA)
Source of classification or shelving scheme
Item type Books
Holdings
Withdrawn status Lost status Source of classification or shelving scheme Damaged status Not for loan Permanent location Current location Date acquired Total Checkouts Full call number Barcode Date last seen Price effective from Koha item type
          UBT - Lipjan UBT - Lipjan 12/14/2017   621.39 CAR 002-2939087 12/14/2017 12/14/2017 Books
UBT Library © 2015-2024. All rights reserved University Education for Business and Technology